Central Library OPAC University of Rajshahi

History of Islam / (Record no. 86410)

MARC details
000 -LEADER
fixed length control field 00547nam a2200205 a 4500
001 - CONTROL NUMBER
control field 86410
003 - CONTROL NUMBER IDENTIFIER
rucl marc code BD-RjUL
005 - DATE AND TIME OF LATEST TRANSACTION
control field 20260503112833.0
008 - FIXED-LENGTH DATA ELEMENTS--GENERAL INFORMATION
fixed length control field 260503s1964 |||||||| |||| 00| 0 eng d
035 ## - SYSTEM CONTROL NUMBER
System control number (BD-RjUL)86410
040 ## - CATALOGING SOURCE
Original cataloging agency BD-RjUL
Language of cataloging eng
Transcribing agency BD-RjUL
041 ## - LANGUAGE CODE
Language code of text/sound track or separate title eng
082 ## - DEWEY DECIMAL CLASSIFICATION NUMBER
Edition number 23
Classification number 297.09
Author mark and year RAH 1964
100 ## - MAIN ENTRY--PERSONAL NAME
Personal name Rasul, Md. Gholam
9 (RLIN) 18285
245 ## - TITLE STATEMENT
Title History of Islam /
Statement of responsibility, etc. Md. Gholam Rasul
260 ## - PUBLICATION, DISTRIBUTION, ETC. (IMPRINT)
Place of publication, distribution, etc. [Dacca] :
Name of publisher, distributor, etc. [Famous Publishers],
Date of publication, distribution, etc. 1964
300 ## - PHYSICAL DESCRIPTION
Pagination 410 p. ;
Size 21 cm.
650 ## - SUBJECT ADDED ENTRY--TOPICAL TERM
Topical term or geographic name as entry element Islam
General subdivision History
9 (RLIN) 18286
942 ## - ADDED ENTRY ELEMENTS (KOHA)
Source of classification or shelving scheme Dewey Decimal Classification
Koha item type Books
Holdings
Lost status Source of classification or shelving scheme Damaged status Not for loan Collection code Permanent Location Current Location Shelving location Date acquired Source of acquisition Total Checkouts Full call number Date last seen Copy number Koha item type
  Dewey Decimal Classification   Not For Loan Non-fiction Central Library, University of Rajshahi Central Library, University of Rajshahi Reading Room 20/04/2026 Author   297.09 RAH 1964 03/05/2026 C-1 Books